Houses: Architecture now! 2
Uloženo v:
| Hlavní autor: | |
|---|---|
| Médium: | Kniha |
| Jazyk: | španělština italština portugalština |
| Vydáno: |
Colonia
Taschen
2011
|
| Vydání: | 1a. ed |
| Edice: | Architecture now!
|
| Témata: | |
| Tagy: |
Přidat tag
Žádné tagy, Buďte první, kdo vytvoří štítek k tomuto záznamu!
|
MARC
| LEADER | 00000nam a2200000 a 4500 | ||
|---|---|---|---|
| 001 | UCG7228 | ||
| 003 | CL-VaPUC | ||
| 008 | 110624e20110000GW |||||||||||||||||spa|d | ||
| 020 | |a 9783836519724 | ||
| 041 | 0 | 7 | |a spa |2 CL-VaPUC |
| 041 | 0 | 7 | |a ita |2 CL-VaPUC |
| 041 | 0 | 7 | |a por |2 CL-VaPUC |
| 082 | 0 | 4 | |a 724.7 |b JOD |2 21 |
| 100 | |a Jodidio, Philip |e author |9 596614 | ||
| 245 | 1 | 0 | |a Houses: Architecture now! 2 |
| 246 | 1 | 0 | |a Arquitectura hoy CASAS 2 |
| 246 | 1 | 0 | |a Architettura oggi CASE 2 |
| 246 | 1 | 0 | |a Arquitectura dos nossos dias CASAS 2 |
| 250 | |a 1a. ed | ||
| 300 | |a 416 p | ||
| 942 | |c BK | ||
| 945 | |d 20110624 00:00:00 |a dcastane | ||
| 260 | |a Colonia |b Taschen |c 2011 | ||
| 650 | 0 | |a Arquitectura moderna |9 265021 | |
| 650 | 0 | |a Arquitectura |y Siglo 20 |9 266208 | |
| 650 | 0 | |a Casas |9 348018 | |
| 583 | |a last modification |c 20110624 00:00:00 |k Rodrigo Vera | ||
| 490 | 0 | |a Architecture now! | |
| 999 | |c 345289 |d 345287 | ||
| 952 | |0 0 |1 0 |4 0 |6 724_700000000000000_JOD_2011 |7 0 |8 A |9 443780 |a BIBARQ |b BIBARQ |d 2019-11-22 |i 478622K |l 1 |o 724.7 JOD 2011 |p 478622K |r 2025-01-20 |s 2023-10-10 |w 2019-11-22 |y BK |k ARQ | ||